Turning back : the retreat from racial justice in American thought and policy = Vuelta atrás: la retirada de la justicia racial en el pensamiento americano y la política /
Guardat en:
| Autor principal: | |
|---|---|
| Format: | Desconegut |
| Idioma: | English |
| Publicat: |
Boston, Mass :
Beacon Press,
c1995
|
| Matèries: | |
| Etiquetes: |
Afegir etiqueta
Sense etiquetes, Sigues el primer a etiquetar aquest registre!
|
MARC
| LEADER | 000000000a22000000004500 | ||
|---|---|---|---|
| 001 | 013870 | ||
| 020 | |a 0807041106 | ||
| 041 | 0 | |a eng | |
| 082 | 0 | 4 | |a 305.8 |b S819t |
| 100 | 1 | |a Steinberg, Stephen. | |
| 245 | 1 | 0 | |a Turning back : the retreat from racial justice in American thought and policy = Vuelta atrás: la retirada de la justicia racial en el pensamiento americano y la política / |c Steinberg, Stephen. |
| 260 | 1 | |a Boston, Mass : |b Beacon Press, |c c1995 | |
| 300 | |a xi, 276 páginas ; |c 24 cm. | ||
| 650 | 4 | |a DISCRIMINACION RACIAL | |
| 650 | 4 | |a POLITICA DEL GOBIERNO | |
| 650 | 4 | |a ESTADOS UNIDOS | |
| 650 | 4 | |a PROGRAMA DE ACCION AFIRMATIVA | |
| 650 | 4 | |a RELACIOINES RACIALES | |
| 500 | |a Colección George Yúdice | ||
| 999 | |c 19782 |d 19782 | ||
| 942 | |c BK |h 305.8 S819t |2 z | ||



